A Short History of the Mughal Empire (UK)
| Main Author: | |
|---|---|
| Format: | Unknown |
| Published: |
IB.Tauris
2015
|
| LEADER | 00204 a2200085 4500 | ||
|---|---|---|---|
| 020 | |a 9781848858732 | ||
| 100 | |a Fisher, M. H | ||
| 245 | |a A Short History of the Mughal Empire (UK) | ||
| 260 | |b IB.Tauris |c 2015 | ||
| 999 | |c 40758 |d 40758 | ||